Cases in point (Record no. 62940)

MARC details
000 -LEADER
fixed length control field 01180cam a2200277 4500
001 - CONTROL NUMBER
control field ABS62062
008 - FIXED-LENGTH DATA ELEMENTS--GENERAL INFORMATION
fixed length control field 000000n2000 000 0 eng u
035 ## - SYSTEM CONTROL NUMBER
System control number (Sirsi) u104916
100 ## - MAIN ENTRY--PERSONAL NAME
Personal name Klein, R.
245 ## - TITLE STATEMENT
Title Cases in point
260 ## - PUBLICATION, DISTRIBUTION, ETC.
Date of publication, distribution, etc. 2000
490 ## - SERIES STATEMENT
Series statement Building
Volume/sequential designation 265(8128) 17 March 2000, 76-77(2)
520 ## - SUMMARY, ETC.
Summary, etc. Explains that court cases challenging adjudications often focus on whether or not the adjudicator had jurisdiction and looks at relevant cases.
590 ## - LOCAL NOTE (RLIN)
Local note ABS
600 ## - SUBJECT ADDED ENTRY--PERSONAL NAME
Personal name HOMER BURGESS LTD V CHIREX (ANNUM) LTD
650 ## - SUBJECT ADDED ENTRY--TOPICAL TERM
Topical term or geographic name entry element MANAGEMENT-DISPUTE AVOIDANCE, MANAGEMENT AND RESOLUTION-DISPUTE MANAGEMENT AND RESOLUTION-ALTERNATIVE DISPUTE RESOLUTION-ADJUDICATION
650 ## - SUBJECT ADDED ENTRY--TOPICAL TERM
Topical term or geographic name entry element BUILT ENVIRONMENT-BUILDING CONTRACT FORMS
650 ## - SUBJECT ADDED ENTRY--TOPICAL TERM
Topical term or geographic name entry element MACOB CIVIL ENGINEERING LTD V MORRISON CONSTRUCTION LTD
650 ## - SUBJECT ADDED ENTRY--TOPICAL TERM
Topical term or geographic name entry element COTHLIFF LTD V ALLEN BUILD
650 ## - SUBJECT ADDED ENTRY--TOPICAL TERM
Topical term or geographic name entry element NORTHERN DEVELOPMENTS (CUMBRIA) LTD V J&J NICHOL
650 ## - SUBJECT ADDED ENTRY--TOPICAL TERM
Topical term or geographic name entry element THE PROJECT CONSULTANCY GROUP V THE TRUSTEES OF THE GREY TRUST
650 ## - SUBJECT ADDED ENTRY--TOPICAL TERM
Topical term or geographic name entry element FASTRACK CONTRACTORS LTD V MORRISON CONSTRUCTION
650 ## - SUBJECT ADDED ENTRY--TOPICAL TERM
Topical term or geographic name entry element GROVEDECK LTD V CAPITAL DEMOLITION LTD
690 ## - LOCAL SUBJECT ADDED ENTRY--TOPICAL TERM (OCLC, RLIN)
Topical term or geographic name as entry element Dispute resolution
9 (RLIN) 6236
942 ## - ADDED ENTRY ELEMENTS (KOHA)
Suppress in OPAC 0
Holdings
Withdrawn status Lost status Source of classification or shelving scheme Damaged status Not for loan Home library Current library Shelving location Date acquired Total Checkouts Full call number Barcode Date last seen Copy number Price effective from Koha item type
    Dewey Decimal Classification     London London Journal article 20/03/2000   ABS62062 104916-1001 06/08/2019 1 06/08/2019 Journal article